000 00471nam a22001817a 4500
999 _c6210
_d6208
005 20210826121112.0
008 200517b xxu||||| |||| 00| 0 eng d
020 _a9788123922966
041 _aeng
082 _a615.9
100 _aDAS, Dr. KUNTAL
_96723
245 _aHERBAL PLANT AND THEIR APPLICATION IN COSMECEUTICALS
250 _a1'ST
260 _aNEW DELHI
_bCBS Publishers and distributors
_c2018
300 _a254
650 _aPHARMACY
_96724
942 _cBK